Managing the CPA one step at a time (Record no. 71092)

MARC details
000 -LEADER
fixed length control field 00873cam a2200229 4500
001 - CONTROL NUMBER
control field ABS65861
008 - FIXED-LENGTH DATA ELEMENTS--GENERAL INFORMATION
fixed length control field 020905n2002 000 0 eng u
035 ## - SYSTEM CONTROL NUMBER
System control number (Sirsi) u119574
100 ## - MAIN ENTRY--PERSONAL NAME
Personal name O'Brien, A.
245 ## - TITLE STATEMENT
Title Managing the CPA one step at a time
260 ## - PUBLICATION, DISTRIBUTION, ETC.
Date of publication, distribution, etc. 2002
490 ## - SERIES STATEMENT
Series statement Municipal Journal
Volume/sequential designation 22 September 2002, 13(1)
520 ## - SUMMARY, ETC.
Summary, etc. In December this year many councils will begin a process of managing the changes which CPA improvement plans expect of them. All too often change fails as councils lose sight of the reasons and focus for change. Suggests a few basic steps to ensure that change is not doomed from the start.
590 ## - LOCAL NOTE (RLIN)
Local note ABS
650 ## - SUBJECT ADDED ENTRY--TOPICAL TERM
Topical term or geographic name entry element COMPREHENSIVE PROJECT APPRAISAL
650 ## - SUBJECT ADDED ENTRY--TOPICAL TERM
Topical term or geographic name entry element LOCAL COUNCILS
650 ## - SUBJECT ADDED ENTRY--TOPICAL TERM
Topical term or geographic name entry element CORPORATE STRATEGY
650 ## - SUBJECT ADDED ENTRY--TOPICAL TERM
Topical term or geographic name entry element HUMAN RESOURCES
650 ## - SUBJECT ADDED ENTRY--TOPICAL TERM
Topical term or geographic name entry element BUDGETING
690 ## - LOCAL SUBJECT ADDED ENTRY--TOPICAL TERM (OCLC, RLIN)
Topical term or geographic name as entry element LOCAL GOVERNMENT
942 ## - ADDED ENTRY ELEMENTS (KOHA)
Suppress in OPAC 0
Holdings
Withdrawn status Lost status Source of classification or shelving scheme Damaged status Not for loan Home library Current library Shelving location Date acquired Total Checkouts Full call number Barcode Date last seen Copy number Price effective from Koha item type
    Dewey Decimal Classification     London London Journal article 05/09/2002   ABS65861 119574-1001 06/08/2019 1 06/08/2019 Journal article